000 00582nam a22001937a 4500
005 20260609122851.0
010 _aENG-148796
020 _a9789364445719
_c995.00
035 _aEN-132328
037 _bDBAD
082 _25
_a005.8
100 _aKahate, Atul
_925312
245 _aCryptography and Network Security/
_cAtul Kahate
250 _a5
260 _aChennai
_bMcGraw Hill Education India Pvt Ltd
_c2026
270 _a5/90 Anjana Complex, Butt Road, St. Thomas Mount
_bChennai
_e600016
300 _a487p.
_c24cm(pb)
942 _2ddc
_cEN
_h005.8
_mKAH
_e5
999 _c216549
_d216549